F1 Season 2000 Race Winners - Statistics

General Stats
  • This quiz has been taken 16 times
  • The average score is 16 of 17
Answer Stats
Grand Prix Country Winner % Correct
Australia Germany Michael Schumacher
100%
Brazil Germany Michael Schumacher
100%
San Marino Germany Michael Schumacher
100%
Europe Germany Michael Schumacher
100%
Canada Germany Michael Schumacher
100%
Italy Germany Michael Schumacher
100%
United States Germany Michael Schumacher
100%
Japan Germany Michael Schumacher
100%
Malaysia Germany Michael Schumacher
100%
Spain Finland Mika Häkkinen
100%
Austria Finland Mika Häkkinen
100%
Hungary Finland Mika Häkkinen
100%
Belgium Finland Mika Häkkinen
100%
Germany Brazil Rubens Barrichello
93%
United Kingdom United Kingdom David Coulthard
79%
Monaco United Kingdom David Coulthard
79%
France United Kingdom David Coulthard
79%
No matching quizzes found
Score Distribution
Percent of People with Each Score
Percentile by Number Answered
Your Score History
You have not taken this quiz